| 000 -LEADER |
| fixed length control field |
02009 a2200277 4500 |
| 003 - CONTROL NUMBER IDENTIFIER |
| control field |
OSt |
| 005 - DATE AND TIME OF LATEST TRANSACTION |
| control field |
20180116182840.0 |
| 008 - FIXED-LENGTH DATA ELEMENTS--GENERAL INFORMATION |
| fixed length control field |
161026b xxu||||| |||| 00| 0 eng d |
| 020 ## - INTERNATIONAL STANDARD BOOK NUMBER |
| International Standard Book Number |
1591395747 (paperback) |
| 020 ## - INTERNATIONAL STANDARD BOOK NUMBER |
| International Standard Book Number |
9781591395744 (paperback) |
| 040 ## - CATALOGING SOURCE |
| Transcribing agency |
0 |
| 082 04 - DEWEY DECIMAL CLASSIFICATION NUMBER |
| Classification number |
658.30014 HBS 2005 |
| 100 1# - MAIN ENTRY--PERSONAL NAME |
| Personal name |
Management, The Society for Human Resource. |
| 110 ## - MAIN ENTRY--CORPORATE NAME |
| Corporate name or jurisdiction name as entry element |
Management, The Society for Human Resource |
| 245 14 - TITLE STATEMENT |
| Title |
The Essentials of Negotiation / |
| Statement of responsibility, etc. |
The Society for Human Resource Management, Harvard Business School Press. |
| 250 ## - EDITION STATEMENT |
| Edition statement |
illustrated edition ed. |
| 260 ## - PUBLICATION, DISTRIBUTION, ETC. |
| Place of publication, distribution, etc. |
[S.l.] : |
| Name of publisher, distributor, etc. |
Harvard Business Press, |
| Date of publication, distribution, etc. |
2005. |
| 300 ## - PHYSICAL DESCRIPTION |
| Extent |
355 +p. ; |
| Dimensions |
24 cm. |
| 440 ## - SERIES STATEMENT/ADDED ENTRY--TITLE |
| Title |
The Essentials of Negotiation |
| 490 1# - SERIES STATEMENT |
| Series statement |
Business literacy for hr professionals. |
| 520 ## - SUMMARY, ETC. |
| Summary, etc. |
This hands-on book explains the basics of how to prepare for and conduct a negotiation, and offers specific strategies for negotiating effectively with employees, bosses, customers, vendors, and other key groups HR professionals consistently work with. Today's HR professionals work side by side with senior executives to devise a strategy for their organizations and to marshal the talent and resources to implement it. That means going beyond the traditional HR domain and mastering the fundamentals of all aspects of business and management. The Business Literacy for HR Professionals series, developed in conjunction with the Society for Human Resource Management, is designed to help HR professionals do exactly that. Covering essential areas such as negotiation, decision making, change management, finance, and more, these highly practical books will help HR professionals in their goal to be true strategic partners who bring additional bottom line value to their organizations. |
| 700 1# - ADDED ENTRY--PERSONAL NAME |
| Personal name |
Press, Harvard Business School. |
| 830 #0 - SERIES ADDED ENTRY--UNIFORM TITLE |
| Uniform title |
Business literacy for hr professionals. |
| 856 40 - ELECTRONIC LOCATION AND ACCESS |
| Materials specified |
Amazon.com |
| Uniform Resource Identifier |
<a href="http://www.amazon.com/exec/obidos/ASIN/1591395747/chopaconline-20">http://www.amazon.com/exec/obidos/ASIN/1591395747/chopaconline-20</a> |
| 942 ## - ADDED ENTRY ELEMENTS (KOHA) |
| Institution code [OBSOLETE] |
NBS |
| Koha item type |
Book |
| Call number prefix |
658.30014 HBS |
| Source of classification or shelving scheme |
|